Whose bird? The Nationalities Quiz Stats

 Plays Quiz not verified by Sporcle

Score 0/22 Timer 07:00
0 Plays Today
Number of people Country % Correct
331Great Britain
100%
201United Stated of America
100%
161France
85.7%
137Germany
81%
29Italy
61.9%
45The Netherlands
57.1%
21Australia
57.1%
16New Zealand/Russia
52.4%
15Sweden
47.6%
5Ireland/Mexico/Spain
47.6%
7Agrentina/Denmark/Portugal
42.9%
Number of people Country % Correct
4Canada/Costa Rica/Hungary/Japan
42.9%
1Many!
42.9%
14Austria
38.1%
10Poland
38.1%
9Brazil
38.1%
8Belgium
38.1%
12South Africa
33.3%
11Switzerland
33.3%
3Czech Republic
33.3%
6Colombia
28.6%
2Ecuador/Kenya
23.8%

You're not logged in!

Compare scores with friends on all Sporcle quizzes.
OR
Log In

Show Comments

Extras

Top Quizzes Today


Score Distribution

Your Account Isn't Verified!

In order to create a playlist on Sporcle, you need to verify the email address you used during registration. Go to your Sporcle Settings to finish the process.

Report this User

Report this user for behavior that violates our Community Guidelines.

Details: